Acta Linguistica Hungarica

محفوظ في:

التنسيق: دورية

اللغة: Undetermined

منشور في: JSTOR
Akadémiai Kiadó

الموضوعات:

الوصول للمادة أونلاين: Login to view Source

الوسوم: إضافة وسم

لا توجد وسوم, كن أول من يضع وسما على هذه التسجيلة!

رقم الطلب:

LEADER 00509nas a2200169Ia 4500
008 220214c99999999xx |||||||||||| ||und||
022 |a 1216-8076 
022 |a 1588-2624 
245 0 0 |a Acta Linguistica Hungarica 
264 1 |b JSTOR 
264 1 |b Akadémiai Kiadó 
362 0 |a Vol. 38(1988)-63 (2016) 
653 1 0 |a Social Sciences 
856 4 0 |u https://www.jstor.org/journal/actalinghung 
942 |c JL 
952 |0 0  |1 0  |4 0  |7 1  |9 33643  |a JSR  |b JSR  |d 2022-02-14  |l 0  |r 2022-02-14 00:00:00  |w 2022-02-14  |y JL 
999 |c 41977  |d 41977